000 00552nam a22001457a 4500
020 _a9789327232899
082 _a332.4 PAU
100 _aPaul R.R
245 _aMoney and financial systems
260 _aLudhayana
_bKalyani publishers
_c2013
300 _a322p
942 _cBK
999 _c3518
_d3518